LEADER 01039nam0-22002891i-450 001 990006979700403321 005 20220926115602.0 010 $a90-411-1488-2 035 $aFED01000697970 100 $a20011022d2000----km-y0itay50------ba 101 0 $aeng 102 $aNL$aUS$aGB 105 $ay-------001yy 200 1 $aInternational Law$eensuring the survival of mankind on the eve of a new century$egeneral course on Public International Law$fby Christian Tomuschat 210 $aThe Hague$aBoston$aLondon$cMartinus Nijhoff Publishers$dc2000 215 $a438 p.$d24 cm 225 1 $aRecueil des cours$d= Collected courses of the Hague Academy of International Law$fAcadémie de Droit International$v281$zeng 320 $aBibliografia: p. 437-38. Indice 676 $a341.05$v23$zita 700 1$aTomuschat,$bChristian$0231011 801 0$aIT$bUNINA$gRICA$2UNIMARC 901 $aBK 912 $a990006979700403321 952 $aX O 28 (278)$b42440*$fFGBC 959 $aFGBC 996 $aInternational Law$9700694 997 $aUNINA